000 00856nam a22002297a 4500
005 20130924115417.0
010 _aENG-108109
020 _a9788182746657
_c990.00
035 _aEN-91642
037 _bDBAD/PUB
082 _a940.5423092
100 0 _aBharucha, P. C.
245 1 0 _aThe North African campaign, 1940-43 /
_cby P. C. Bharucha
260 _aNew Delhi
_bPentagon Press
_c2012
270 _a206, Peacock Lane, Shahpur Jat
_bNew Delhi
_e110049
300 _axxx, 567p. :
_billus., plates, ports., maps (part fold., part col.) tables.
_c25cm(Hb)
490 1 _aOfficial history of the Indian Armed Forces in the Second World War, 1939-45
650 0 _aWorld War, 1939-1945
_xCampaigns
_zIraq.
650 0 _aWorld War, 1939-1945
_xCampaigns
_zAfrica, North
700 1 _aPrasad, Bisheshwar
942 _2ddc
_cEN
_mBHA
_h940.5423092
999 _c77915
_d77915